Normal view
MARC view
- Fleet, Alma.
Entry Personal Name
001 - CONTROL NUMBER
- control field: 39212
003 - CONTROL NUMBER IDENTIFIER
- control field: OSt
005 - DATE AND TIME OF LATEST TRANSACTION
- control field: 20190816111948.0
008 - FIXED-LENGTH DATA ELEMENTS
- fixed length control field: 190816|| aca||aabn | a|a d
040 ## - CATALOGING SOURCE
- Original cataloging agency: OSt
- Transcribing agency: OSt
100 ## - HEADING--PERSONAL NAME
- Personal name: Fleet, Alma.
670 ## - SOURCE DATA FOUND
- Source citation: Work cat.: (OSt)0: Fleet, Alma., Pedagogical documentation in early years practice :, 2017
